00784nam a2200253 i 450000100060000000300080000600500170001400800390003102000150007003500190008504000320010404100080013608200250014410000200016924500510018926000480024030000340028849000260032250400500034865000600039865000210045883000070047983000440048633644BD-RjUL20211209052034.0140510s1980 enka b 001 0 eng a0389141149 a(BD-RjUL)33735 aDLCcDLCdDLCdBD-RjULbeng aeng00a301.21219bMIL 19801 aMilroy, Lesley.10aLanguage and social networks /cLesley Milroy. aBaltimore :bUniversity park press,cc1980. axii, 218 p. :bill. ;c23 cm.1 aLanguage in society ; aBibliography: p. [206]-214 & Includes index.. 0aLanguage and social networks.xlanguage in the society. 0aSocial networks. 0v2. 0aLanguage in society (Oxford, England) ;